000 00582nam a22001937a 4500
005 20251108172507.0
008 250721s9999 xx 000 0 ara d
082 1 4 _a811.9/غزا
100 1 _aغزالي، عماد
245 1 0 _aفضاءات أخرى للطائر الضليل : شعر /
264 1 _aالقاهرة :
_bالهيئة المصرية العامة للكتاب،
300 _a146ص
490 0 _aكتابات جديدة
650 1 7 _aالشعر العربي
650 1 7 _aالأدب العربي
650 1 7 _aمصر
942 _2ddc
_cBK
999 _c80778
_d80778